| 000 | 00431nam a22001457a 4500 | ||
|---|---|---|---|
| 020 | _a9788177581584 | ||
| 040 | _cNust | ||
| 082 |
_a621.3815 _bBOY |
||
| 100 |
_aRobert L. Boylestad _9124203 |
||
| 110 |
_aLouis Nashelsky, K. LaL Kishore _9124577 |
||
| 245 | _aElectronic Devices and Circuit Theory | ||
| 260 |
_aNew Delhi: _bDorling Kindersly, _c2006. |
||
| 650 |
_aElectronic Devices and Circuit Theory _965964 |
||
| 942 |
_2ddc _cBK |
||
| 999 |
_c610398 _d610398 |
||